000 00284nam a22001337a 4500
008 181107b xxu||||| |||| 00| 0 eng d
020 _a9781879326194
041 _aeng
080 _a591
100 _a9
101 _aecol
245 _aCamous Ecology
_cSmith,a,a
942 _2udc
_cBK
999 _c52095
_d52095